000 00613cam a2200205 4500500
005 20260405002714.0
041 _afre
042 _adc
100 1 0 _aLacroix, Samuel
_eauthor
245 0 0 _aTotal bullshit ! Aux sources de la post-vérité
260 _c2018.
500 _a49
690 _aBobard
690 _aBullshit
690 _aMensonge
690 _aSebastian Dieguez
690 _aSincérité
786 0 _nPhilosophie magazine | 119 | 5 | 2018-05-01 | p. 55-55 | 1951-1787
856 4 1 _uhttps://shs.cairn.info/magazine-philosophie-magazine-2018-5-page-55?lang=fr&redirect-ssocas=7080
999 _c2060295
_d2060295